000
00274nam a22001097a 4500
082
_a
621.3 TEA'E
100
_a
WALTON, E. G,TEASDALL, H
_9
57258
245
_a
ELECTRIC TECHNOLOGY FOR NATIONAL CERTFICATE COURSES
250
_a
V-1
260
_a
LONDON
_b
EUP
_c
1957
942
_c
BK
999
_c
567552
_d
567552